000 00794 a2200157 4500
003 Nust
005 20170207154214.0
040 _cNust
082 _a378.4
245 _aThe University of Birmingham-Prospectus 2000
_cThe University of Birmingham
260 _aBirmingham
_bThe University of Birmingham
_c2000
300 _a233 p.
505 _aFrom the Vice Chancellor (Page-4) How to use this Prospectus (Page-6) Finding out More About Birmingham (Page-8) Applying to Birmingham (Page-34) For International Students (Page-38) Joint Honours and other Programme Combinations (Page-43) Arts, Languages, Literature and History (Page-51) Law (Page-129) Science (Page-179) Part Time Programmes (Page-225) Other Programmes (Page-229)
538 _aAlmirah No. 117 shelf No. 1
650 _aProspectus 2000
942 _2ddc
_cBK
999 _c195024
_d195024